| 000 | 00500nam a2200133Ia 4500 | ||
|---|---|---|---|
| 008 | 250506s9999 xx 000 0 und d | ||
| 024 | _a15B-31-EL, 15B-149-EL, 15B-166-EL & 15B-252-EL | ||
| 082 | _a670.7072 MAD | ||
| 100 | _aMadiha Yhya Shaikh, Asad Noor Khan, Muhammad Mohsin khan & Unsa Iftikhar | ||
| 245 | 0 | _aSecure Communication Over Wireless Sensor Network Using Aduino | |
| 260 |
_aKarachi: _bUIT, _c2015 |
||
| 600 | _aTelecommunication Engineering | ||
| 650 | _aBachelor of Engineering (BE) | ||
| 999 |
_c28524 _d28524 |
||